| 000 | 01160nam a2200265Ia 4500 | ||
|---|---|---|---|
| 001 | 230.03-SAC mu (2298) | ||
| 003 | IT-MiSPE | ||
| 008 | 171229s9999||||xx |||||||||||||| ||und|| | ||
| 040 |
_aIT-MiSPE _cIT-MiSPE |
||
| 041 | _aITALIANO | ||
| 100 | _aKarl Rahner | ||
| 240 | _aSacramentum mundi: Theologisches Lexikon für die Praxis | ||
| 245 | 0 |
_aSacramentum mundi: Enciclopedia teologica _bVI. Padri latini - Religioni, scienza delle |
|
| 250 | _a1a ed. (v) | ||
| 260 |
_aBrescia _bMorcelliana _c1976 |
||
| 300 |
_a906 col. [8 v.] _c24 cm |
||
| 490 | _v 6° | ||
| 501 | _aEdizioni San Paolo srl - Piazza Soncino, 5 - 20092 CINISELLO BALSAMO (MI) (non commercial uses only) ® Copyright 2018 | ||
| 520 | _aAlberto Bellini (ed. it.) | ||
| 700 | _aAdolf Darlap | ||
| 700 | _aAlberto Bellini | ||
| 942 | _cBK | ||
| 957 | _71 | ||
| 999 |
_a8538 _bNO _g Copie: 1 _c339668 _d339668 |
||